Biotechnology: international trends and perspectives

Shranjeno v:
Bibliografske podrobnosti
Main Authors: Bull, Alan T (Author), Holt, Geoffrey (Author), Lilly, Malcolm D (Author)
Format: Knjiga
Jezik:angleščina
Izdano: París Organisation for Economic Co-operation and Development 1982
Teme:
Oznake: Označite
Brez oznak, prvi označite!

MARC

LEADER 00000nam a2200000 a 4500
001 UCU4554
003 CL-VaPUC
008 960524e19820000FR |||||||||||||||||eng|d
082 0 4 |a 660.6  |b BUL  |2 21 
100 0 |a Bull, Alan T  |e author  |9 362183 
700 0 |a Holt, Geoffrey  |e author  |9 362184 
700 0 |a Lilly, Malcolm D  |e author  |9 362185 
245 1 0 |a Biotechnology: international trends and perspectives 
300 |a 84 p 
942 |c BK 
945 |d 19960524 00:00:00  |a cmena 
260 |a París  |b Organisation for Economic Co-operation and Development  |c 1982 
650 0 |a Biotecnología   |9 259561 
650 7 |a FENOMENOS BIOQUIMICOS  |2 CL-VaPUC  |9 360969 
650 0 |a Microbiología   |9 259706 
650 0 |a Bioquímica   |9 259492 
650 0 |a Ingeniería biomédica  |9 262962 
650 0 |a Ingeniería genética  |9 263020 
650 7 |a CIENCIAS DE LA INGENIERIA  |2 CL-VaPUC  |9 361394 
583 |a last modification  |c 19960524 00:00:00  |k Rodrigo Vera 
999 |c 248231  |d 248229